00723nam a2200241 a 4500001001300000003000900013005001700022008004100039020001000080082001800090100002400108245003600132260005400168300000900222500003500231505002800266650001500294700002400309902000800333942000700341952011800348999001500466nice12345678IN_TiNIC20260116011752.0050524s1935 pesa grp 000 0 per  ac10000a297.86bAHM21 aAhmad, Mirza Ghulam aInsan-I-Kamilb Poem in Persian aPeshawar.bIsshat Sadr Anjuman-E-Ahmadliyyac1935 a16p. aincludes index and biblioraphy2 aHand Written Manuscript aAhmadiyyah1 aAhmad, Mirza Ghulam bSRS cBK 001040708StackRoom-aHMIbHMId2007-06-29g100.00l0o297.86 AHM21p05004r2007-06-29v100.00w2005-05-24yBK c3821d3821